Datos para el estudio del peristaltismo intestinal / (Record no. 73303)

MARC details
000 -LEADER
campo de control de longitud fija 00877nam a2200205 i 4500
001 - NÚMERO DE CONTROL
campo de control 73303
003 - IDENTIFICADOR DE NÚMERO DE CONTROL
campo de control ES-MaACL
005 - FECHA Y HORA DE LA ÚLTIMA TRANSACCIÓN
campo de control 20240511063023.0
007 - CAMPO FIJO DE DESCRIPCIÓN FÍSICA--INFORMACIÓN GENERAL
campo de control de longitud fija t|
008 - DATOS DE LONGITUD FIJA--INFORMACIÓN GENERAL
campo de control de longitud fija 040928q1908 sp ||||1| spa d
100 1# - ENTRADA PRINCIPAL--NOMBRE DE PERSONA
Nombre de persona Gómez Ocaña, José,
Fechas asociadas al nombre 1860-1919
9 (RLIN) 58079
245 10 - MENCIÓN DEL TÍTULO
Título Datos para el estudio del peristaltismo intestinal /
Mención de responsabilidad, etc. por José Gómez Ocaña, memoria leida en la sesión del 23 de octubre de 1908.
260 ## - PUBLICACIÓN, DISTRIBUCIÓN, ETC.
Lugar de publicación, distribución, etc. Madrid :
Nombre del editor, distribuidor, etc. [s.n.,
Fecha de publicación, distribución, etc. 1908?] (
Fabricante Impr. de Eduardo Arias)
300 ## - DESCRIPCIÓN FÍSICA
Extensión 6 p., 7 lám. ;
Dimensiones 24 cm.
500 ## - NOTA GENERAL
Nota general Es tirada aparte del Congreso de Zaragoza de la Asociación Española para el Progreso de las Ciencias.
650 #4 - PUNTO DE ACCESO ADICIONAL DE MATERIA--TÉRMINO DE MATERIA
Término de materia o nombre geográfico como elemento de entrada Motilidad gastrointestinal.
9 (RLIN) 151735
710 2# - ENTRADA AGREGADA--NOMBRE DE ENTIDAD CORPORATIVA
Nombre de entidad corporativa o nombre de jurisdicción como elemento de entrada Asociación Española para el Progreso de las Ciencias.
Unidad subordinada Congreso (
Número del congreso/reunión o número de parte o sección 1º.
Fecha del congreso o de la firma del tratado 1908.
Sede del congreso/Lugar de la reunión Zaragoza)
9 (RLIN) 1691
852 ## - LOCALIZACIÓN
Ubicación ES-MaACL
Número de control de estantería T-1249-F-16
Holdings
Estatus retirado Estado de pérdida Estado de daño No para préstamo Colección Biblioteca de origen Biblioteca actual Ubicación en estantería Fecha de adquisición Fuente de adquisición Total de préstamos Signatura topográfica completa Código de barras Visto por última vez Precio de reemplazo Tipo de ítem Koha
        Colección de folletos Biblioteca del Ateneo de Madrid Biblioteca del Ateneo de Madrid Depósito folletos 17/01/2008     T-1249-F-16 1076733 23/02/2023 23/02/2023 Folleto